| 000 | 00898pam a2200253 i 4500 | ||
|---|---|---|---|
| 999 |
_c331928 _d331928 |
||
| 001 | 2298916 | ||
| 003 | NUST | ||
| 005 | 20180117105455.0 | ||
| 008 | 800724s1980 nyua b 001 0 eng | ||
| 010 | _a 80020171 | ||
| 020 | _a0824710002 | ||
| 040 |
_aDLC _cDLC _dDLC |
||
| 050 | 0 | 0 |
_aTD755 _b.G72 |
| 082 | 0 | 0 |
_a628.351 GRA _219 |
| 100 | 1 |
_aGrady, C. P. Leslie, _d1938- _95854 |
|
| 245 | 1 | 0 |
_aBiological wastewater treatment : _btheory and applications / _cC. P. Leslie Grady, Jr., and Henry C. Lim. |
| 260 |
_aNew York : _bM. Dekker, _cc1980. |
||
| 300 |
_axiv, 963 p. : _bill. ; _c27 cm. |
||
| 440 | 0 |
_aPollution engineering and technology ; _v12 _95871 |
|
| 500 | _aH.B | ||
| 504 | _aIncludes bibliographies and indexes. | ||
| 650 | 0 |
_aSewage _xPurification _xBiological treatment. _92606 |
|
| 700 | 1 |
_aLim, Henry C., _d1935- _ejoint author. _95857 |
|
| 906 |
_a7 _bcbc _corignew _du _eocip _f19 _gy-gencatlg |
||
| 942 |
_2ddc _cBK _kIESE |
||